000 01025nam a22002657a 4500
001 9101
003 FISKH
005 20251120133150.0
008 251120b cb ||||| |||| 00| 0 eng d
020 _a9780194791441
040 _aFISKH
_beng
_cFISKH
_dFISKH
050 _aPR9619.P535 R33
082 _a428
100 _aBassett, Jennifer
_eAuthor
245 _aRabbit-proof fence /
_cRetold by Jennifer Bassett
260 _aNew York :
_bOxford University Press ,
_c2008
300 _a72 pages :
_billustrations ;
_c20 cm
505 _aR
520 _aThis is the true story of Doris Pilkington's mother Molly, who as a young girl led her two cousins, Daisy and Gracie, on an extraordinary 1,600 kilometre walk home. Under Western Australia's removal policy of the 1930s, the girls were taken from their Aboriginal families and transported halfway across the state.
521 8 _a720
_bLexile
521 8 _aR
_bLexile
650 _aTrue stories
_vWestern Australia
942 _2ddc
_cBOOK
_n0
999 _c9101
_d9101